LEADER 01171cam a22003014a 4500 001 991003805929707536 008 200513s2007 nyua b 001 0 eng d 020 $a9780387377476 035 $ab14390590-39ule_inst 040 $aBibl. Dip.le Aggr. Matematica e Fisica - Sez. Fisica$beng 082 04$a531.01/515$222 084 $aLC QC174.17.V35 100 1 $aBasdevant, Jean-Louis$045563 245 10$aVariational principles in physics /$cJean-Louis Basdevant 260 $aNew York, NY :$bSpringer,$cc2007 300 $ax, 183 p. :$bill. ;$c25 cm 504 $aIncludes bibliographical references (p. [179]-180) and index 650 4$aVariational principles 650 4$aMechanics, Analytic 650 4$aField theory (Physics) 650 4$aLagrange equations 650 4$aHamilton-Jacobi equations 907 $a.b14390590$b16-01-21$c13-05-20 912 $a991003805929707536 945 $aLE006 Fondo Polezzo 352$cEx libris Stefano Polezzo$g1$i2006000182379$lle006$og$pE37.19$q-$rl$s- $t0$u0$v0$w0$x0$y.i15948109$z16-01-21 996 $aVariational principles in physics$91752484 997 $aUNISALENTO 998 $ale006$b13-05-20$cm$da $e $feng$gnyu$h0$i0 LEADER 01637nam 2200421 a 450 001 9910701477403321 005 20250109110117.0 035 $a(CKB)5470000002418301 035 $a(OCoLC)776214188 035 $a(MiFhGG)SMIT002041 035 $a(EXLCZ)995470000002418301 100 $a20120213d2012 ua 0 101 0 $aeng 135 $aurbn||||||||| 181 $ctxt$2rdacontent 182 $cc$2rdamedia 183 $acr$2rdacarrier 200 10$aAviation $etransport services : agreement between the United States of America and Thailand signed at Washington, September 19, 2005, with annexes 210 1$a[Washington, D.C.] :$cU.S. Dept. of State,$d[2012?] 215 $a1 online resource (23 unnumbered pages) 225 1 $aTreaties and other international acts series ;$v05-919 300 $aTitle from title screen (viewed on Feb. 13, 2012). 517 $aAviation 606 $aAeronautics, Commercial$xLaw and legislation$zUnited States 606 $aAeronautics, Commercial$xLaw and legislation$zThailand 606 $aAeronautics$xSecurity measures$xInternational cooperation 606 $aAeronautics$xSafety measures$xInternational cooperation 615 0$aAeronautics, Commercial$xLaw and legislation 615 0$aAeronautics, Commercial$xLaw and legislation 615 0$aAeronautics$xSecurity measures$xInternational cooperation. 615 0$aAeronautics$xSafety measures$xInternational cooperation. 712 02$aUnited States.$bDepartment of State. 801 0$bGPO 801 1$bGPO 906 $aBOOK 912 $a9910701477403321 996 $aAviation$9799860 997 $aUNINA